Normal view
MARC view
Entry Personal Name
001 - CONTROL NUMBER
- control field: 535359
003 - CONTROL NUMBER IDENTIFIER
- control field: OSt
005 - DATE AND TIME OF LATEST TRANSACTION
- control field: 20220930075034.0
008 - FIXED-LENGTH DATA ELEMENTS
- fixed length control field: 220930|| aca||aabn | a|a d
040 ## - CATALOGING SOURCE
- Original cataloging agency: OSt
- Transcribing agency: OSt
100 ## - HEADING--PERSONAL NAME
- Personal name: Dr S C Bhatia Gu
670 ## - SOURCE DATA FOUND
- Source citation: Work cat.: (OSt)867496: Hamid Reza Sadeghipour 535358, Lipolysis and related phototransductive events in the germinating sunflower seedlings, 2002
